000 00941nam a2200277Ia 4500
003 OSt
005 20220925185837.0
006 a|||||r|||| 00| 0
007 ta
008 220923b |||||||| |||| 00| 0 eng d
020 _a9780534386702
_c3205.8600000000001
037 _bOD00607121+, 12/12/2011, WS RETAIL SERVICES PVT. LTD
_cGeneral Book
040 _aRTL
_cRTL
_beng
041 _2eng
_aeng
082 _aX:(B28):(D6,9(B), P2
100 _aRAMSEY Fred L.
_9236049
245 0 _aStatistical sleuth
_b A course in methods of data analysis
250 _a2
260 _aAustralia
_bBrooks/Cole
_c2002
300 _axxvi, 742p
_ccm.
500 _aBibliography: 141-165p
650 _aEconomics
700 _a SCHAFER Daniel W.
_9236050
942 _hX:(B28):(D6,9(B), P2
_cGB
_2CC
999 _c512415
_d512415